000 00250nam a2200097Ia 4500
001 1220699
005 20250827092815.0
008 250824s9999 xx 000 0 und d
245 0 _aZOE'NİN MASASINDAN
_cJANAE MARKS
260 _bGENÇ TİMAŞ YAYINLARI
999 _c1220699
_d1220699